[Event "Wch Seniors 50 26th"]
[Site "Marianske Lazne"]
[Date "2016.11.23"]
[Round "5"]
[White "Mazzamuto, Nicola"]
[Black "Juricek, Stanislav"]
[Result "0-1"]
[WhiteElo "1903"]
[BlackElo "2043"]
[PlyCount "106"]
[EventDate "2016.11.19"]
[EventType "swiss"]
[EventRounds "11"]
[EventCountry "CZE"]
[SourceTitle "CBM 175 Extra"]
[Source "ChessBase"]
[SourceDate "2016.12.12"]
[SourceVersion "1"]
[SourceVersionDate "2016.12.12"]
[SourceQuality "1"]

1. Nf3 Nf6 2. d4 e6 3. Bg5 c5 4. e3 d5 5. c3 Nbd7 6. Bd3 Be7 7. Nbd2 b6 8. 0-0 Bb7 9. Re1 0-0 10. e4 dxe4 11. Nxe4 Nxe4 12. Bxe7 Qxe7 13. Bxe4 Bxe4 14. Rxe4 Nf6 15. Re2 Rfd8 16. Qb3 Qc7 17. dxc5 bxc5 18. Qc4 Qb6 19. Rae1 Rd5 20. Ne5 Rad8 21. Qf4 Qa6 22. g4 Rd1 23. Qf3 h6 24. h4 Rxe1+ 25. Rxe1 Rf8 26. g5 hxg5 27. hxg5 Nh7 28. Nd7 Nxg5 29. Qg2 Rd8 30. Nxc5 Qb5 31. Qxg5 Rd5 32. Qe3 Rxc5 33. f4 Rd5 34. b3 Qd7 35. Re2 Rd1+ 36. Kf2 Rd3 37. Qc5 Qd8 38. Re3 Rd2+ 39. Re2 Qh4+ 40. Ke3 Rd5 41. Qc8+ Rd8 42. Qxd8+ Qxd8 43. Rd2 Qc7 44. c4 Kf8 45. Rd4 Ke7 46. b4 f5 47. c5 g5 48. fxg5 Qg3+ 49. Kd2 Qxg5+ 50. Kc3 Qc1+ 51. Kb3 f4 52. Rc4 Qb1+ 53. Kc3 f3 0-1